Ricostruisci la Carriera del Calciatore - Kevin De Bruyne - Statistics

Statistiche generali
  • Questo quiz è stato fatto 28 volte
  • Il punteggio medio è 4 su 5
Statistiche sulle risposte
Hint Risposta % Corretto
2008-2012 Genk
94%
2015- Manchester City
78%
2012-2013 Werder Brema
72%
2014-2015 Wolfsburg
61%
2013-2014 Chelsea
44%
Nessun quiz corrispondente trovato
Distribuzione punteggi
Percentuale di utenti per punteggio
Percentile per numero di risposta
I tuoi punteggi nel tempo
Non hai fatto questo quiz